LIBRARY & INFORMATION CENTRE, KCAET, TAVANUR

ONLINE PUBLIC ACCESS CATALOGUE (OPAC)

Text book of Mathematics for Polytechnic and other Proffessional Courses / (Record no. 9436)

MARC details
000 -LEADER
fixed length control field 00383cam a2200133ua 4500
082 ## - DEWEY DECIMAL CLASSIFICATION NUMBER
Classification number 510
Item number HAR/TE
100 ## - MAIN ENTRY--AUTHOR NAME
Personal name Hariharakrishnan, A.
245 ## - TITLE STATEMENT
Title Text book of Mathematics for Polytechnic and other Proffessional Courses /
250 ## - EDITION STATEMENT
Edition statement 1 /
260 ## - PUBLICATION, DISTRIBUTION, ETC. (IMPRINT)
Place of publication Trichur :
Name of publisher Pulikkottil Publishing House ,
Year of publication 1966.
300 ## - PHYSICAL DESCRIPTION
Number of Pages 444 ; .
700 1# - ADDED ENTRY--PERSONAL NAME
Personal name Pareed, P. V.
942 ## - ADDED ENTRY ELEMENTS (KOHA)
Koha item type Books
Holdings
Withdrawn status Lost status Damaged status Home library Current library Date acquired Full call number Accession Number Koha item type
Withdrawn     KAUAET Sanskrit University 07/04/2012 510 13245 Books
free website counter